000 01117nam a2200145 a 4500
001 000046067
005 20201002052621.0
008 150617s1982 dr 000 0 spa d
040 _aDO-SdBNP
_bspa
_cBNPHU
245 0 0 _aPrograma de gobierno 1981-1984 /
_cintroducción Jóse Joaquín Bidó Medina.
260 _aSanto Domingo :
_bConsejo Universitario,
_c1982.
300 _a21 p. ;
_c21 cm.
505 0 _aLineamiento generales de polítcas curriculares-docencia -- Lineamiento generales de polítcas curriculares- investigación -- Lineamiento generales de polítcas curriculares-Extensión -- Lineamiento generales de polítcas curriculares-gobierno -- Lineamiento generales de polítcas curriculares-administrativas -- Lineamiento generales de polítcas curriculares-bienestar --Lineamiento generales de polítcas curriculares-estructura -- Lineamiento generales de polítcas curriculares- financiamiento -- El programa de gobierno de las presentes autoridades de la UASD para el trienio 1981-84 fue aprobado mediante las resoluciones siguiente no. 91, no. 119
700 1 2 _aBidó Medina, Jóse Joaquín
_eintr.
_910374
999 _c45556
_d45556